Sports Quiz

Random Sports or Basketball Quiz

1985 NBA Highest Paid Players Quiz Stats

 Plays Quiz not verified by Sporcle

Challenge
Share
Tweet
Embed
Score 0/10 Timer 03:00
0 Plays Today
Rank Player % Correct
2Larry Bird
98%
8 (tie)Magic Johnson
97.3%
4Kareem Abdul-Jabbar
94.7%
1Moses Malone
91.3%
8 (tie)Kevin McHale
90%
5Ralph Sampson
79.3%
3Jack Sikma
55.3%
8 (tie)Jim Paxson
21.3%
7Otis Birdsong
14%
6Mitch Kupchak
6.7%

You're not logged in!

Compare scores with friends on all Sporcle quizzes.
Join for Free
OR
Log In

You Might Also Like...

Show Comments

Extras

Top Quizzes Today


Score Distribution

Your Account Isn't Verified!

In order to create a playlist on Sporcle, you need to verify the email address you used during registration. Go to your Sporcle Settings to finish the process.

Report this User

Report this user for behavior that violates our Community Guidelines.

Details: